Die krise, folge eines denkfehlers der klassischen okonomie uber das sparen : wege zu einer krisenfreien Wirtschaft
Αποθηκεύτηκε σε:
| Κύριος συγγραφέας: | |
|---|---|
| Μορφή: | Βιβλίο |
| Γλώσσα: | German |
| Δημοσίευση: |
Frankfurt :
R. G. Fischer,
c1984
|
| Θέματα: | |
| Ετικέτες: |
Προσθήκη ετικέτας
Δεν υπάρχουν, Καταχωρήστε ετικέτα πρώτοι!
|
MARC
| LEADER | 00000nam a2200000 i 4500 | ||
|---|---|---|---|
| 001 | 1/77161 | ||
| 008 | 970414s1984 ger d | ||
| 020 | |a 3-88323-403-6 | ||
| 035 | |l 10004193 | ||
| 040 | |a GR-MY-UA |b gre |e aacr | ||
| 041 | 0 | |a ger | |
| 082 | 0 | |a 332.4 | |
| 100 | 1 | |a Beltle, Theodor. | |
| 245 | 1 | 4 | |a Die krise, folge eines denkfehlers der klassischen okonomie uber das sparen : |b wege zu einer krisenfreien Wirtschaft / |c Theodor Beltle |
| 260 | |a Frankfurt : |b R. G. Fischer, |c c1984 | ||
| 300 | |a 110 p.; |b ill.; |c 21 cm | ||
| 504 | |a Includes bibliographical references and indexes | ||
| 650 | 0 | 0 | |a Business cycles. |
| 852 | |a INST |b LESVOS |e 19970414 |h 332.4 BEL |p 005100011505 |q 005100011505 |t BK |y 0 | ||
| 909 | |a Λ |b 005210 | ||